| 000 | 00644nam a22001937a 4500 | ||
|---|---|---|---|
| 003 | OSt | ||
| 005 | 20140310181809.0 | ||
| 008 | 130705t xxu||||| |||| 00| 0 eng d | ||
| 050 |
_aPE 1629 .W385 1995 _b.W385 1995 |
||
| 082 |
_aREF 423 _bW38 1995 |
||
| 245 |
_aWebster's children's visual dictionary / _billus. by Keith Batcheller and Amy Paluch. |
||
| 260 |
_aIllinois : _bPublications International, _cc1995. |
||
| 300 |
_a304 p. ; _bill., col., photos ; _c28 cm. |
||
| 520 | _a1. General information--Juvenile literature. 2. Dictionary. | ||
| 521 | _aBasic Ed. Students | ||
| 541 | _j1 | ||
| 562 | _e1 | ||
| 942 |
_2lcc _cBK-GR _kREF |
||
| 999 |
_c3880 _d3880 |
||